| 000 | 00658nam a2200241Ia 4500 | ||
|---|---|---|---|
| 008 | 160418s9999 xx 000 0 und d | ||
| 020 | _a978971-584-617-2 | ||
| 050 | _aFIL PL 5548.4 | ||
| 050 | _b.R49 2007 | ||
| 100 | _aReyes, Edgardo M. | ||
| 245 | _aSa mga kuko ng liwanag / | ||
| 245 | _cEdgardo M. Reyes. | ||
| 250 | _a2nd Edition | ||
| 260 | _aQuezon City: | ||
| 260 | _bC & E Pub. Inc., | ||
| 260 | _c2007 | ||
| 300 | _a165 pages : | ||
| 300 | _billustrations ; | ||
| 300 | _c18 cm. | ||
| 650 | _aPhilippine fiction (Tagalog). | ||
| 650 | _aReyes, Edgado M. -- Criticism and interpretation. | ||
| 650 | _xShort stories, Philipines. | ||
| 999 |
_c293612 _d293612 |
||